000 00287nam a22001337a 4500
008 170907b xxu||||| |||| 00| 0 eng d
020 _a9780898866544
041 _aeng
080 _a91
100 _a42
101 _aGJEO
245 _aEXTREME ALPINISM
_cTWIGHT,M.F
942 _2udc
_cBK
999 _c26624
_d26624